<?xml version="1.0" encoding="UTF-8"?><?xml-stylesheet type="text/xsl" href="static/style.xsl"?><OAI-PMH xmlns="http://www.openarchives.org/OAI/2.0/" xmlns:xsi="http://www.w3.org/2001/XMLSchema-instance" xsi:schemaLocation="http://www.openarchives.org/OAI/2.0/ http://www.openarchives.org/OAI/2.0/OAI-PMH.xsd"><responseDate>2026-04-18T00:26:35Z</responseDate><request verb="GetRecord" identifier="oai:www.recercat.cat:10230/43919" metadataPrefix="marc">https://recercat.cat/oai/request</request><GetRecord><record><header><identifier>oai:recercat.cat:10230/43919</identifier><datestamp>2025-12-20T16:57:43Z</datestamp><setSpec>com_2072_6</setSpec><setSpec>col_2072_452952</setSpec></header><metadata><record xmlns="http://www.loc.gov/MARC21/slim" xmlns:dcterms="http://purl.org/dc/terms/" xmlns:xsi="http://www.w3.org/2001/XMLSchema-instance" xmlns:doc="http://www.lyncode.com/xoai" xsi:schemaLocation="http://www.loc.gov/MARC21/slim http://www.loc.gov/standards/marcxml/schema/MARC21slim.xsd">
   <leader>00925njm 22002777a 4500</leader>
   <datafield ind2=" " ind1=" " tag="042">
      <subfield code="a">dc</subfield>
   </datafield>
   <datafield ind2=" " ind1=" " tag="720">
      <subfield code="a">Moreno, Jose A.</subfield>
      <subfield code="e">author</subfield>
   </datafield>
   <datafield ind2=" " ind1=" " tag="260">
      <subfield code="c">2020-03-17T08:26:23Z</subfield>
   </datafield>
   <datafield ind2=" " ind1=" " tag="260">
      <subfield code="c">2020-03-17T08:26:23Z</subfield>
   </datafield>
   <datafield ind2=" " ind1=" " tag="260">
      <subfield code="c">2020</subfield>
   </datafield>
   <datafield ind2=" " ind1=" " tag="520">
      <subfield code="a">This research reviews the ideologies present in the Nintendo’s videogame saga Animal Crossing and aims to discover how fans interpret them. The process involves an exploration of the online fanart of the videogame and its classification into reproductive, neutral or critical fandom, depending on the revised operating ideologies. Following, a content analysis and brief semiotic analysis have been conducted to interpret the meanings that fans elaborated and wanted to share with the community. As a result, this research shows that the fandom of Animal Crossing reinterprets the ideologies of the game producing a critique of struggles present in society against sexism and consumerism. However, some fanart is aligned with the neoliberal and sexist ideas that emanate from the canonical text. Thus, analysing fandom’s production is a worth way to discover how audiences interact with videogames and how they expand its meanings beyond the game.</subfield>
   </datafield>
   <datafield ind2=" " ind1=" " tag="520">
      <subfield code="a">Esta investigación revisa las ideologías presentes en la saga de videojuegos Animal Crossing de Nintendo y pretende descubrir cómo los fans las interpretan. El proceso consiste en una exploración del fanart del videojuego en internet y su clasificación en fandom reproductor, neutral o crítico, en función de las ideologías del videojuego revisadas. A continuación, un análisis de contenido y breve análisis semiótico ha sido realizado para interpretar los significados que la comunidad fan elabora y busca compartir. Como resultado, esta investigación muestra que el fandom de Animal Crossing reinterpreta las ideologías del juego produciendo una crítica de luchas presente en la sociedad contra el sexismo y el consumismo. En cambio, algunas piezas de fanart están alineadas con ideas neoliberales y sexistas que emanan del texto canónico. En definitiva, analizar la producción fandom es una forma válida para descubrir cómo las audiencias interactúan con los videojuegos y cómo estas expanden sus significados más allá del juego.</subfield>
   </datafield>
   <datafield tag="653" ind2=" " ind1=" ">
      <subfield code="a">Animal Crossing</subfield>
   </datafield>
   <datafield tag="653" ind2=" " ind1=" ">
      <subfield code="a">Videogames</subfield>
   </datafield>
   <datafield tag="653" ind2=" " ind1=" ">
      <subfield code="a">Fandom</subfield>
   </datafield>
   <datafield tag="653" ind2=" " ind1=" ">
      <subfield code="a">Ideology</subfield>
   </datafield>
   <datafield tag="653" ind2=" " ind1=" ">
      <subfield code="a">Nintendo</subfield>
   </datafield>
   <datafield tag="653" ind2=" " ind1=" ">
      <subfield code="a">Cultural studies</subfield>
   </datafield>
   <datafield tag="653" ind2=" " ind1=" ">
      <subfield code="a">Videojuegos</subfield>
   </datafield>
   <datafield tag="653" ind2=" " ind1=" ">
      <subfield code="a">Ideología</subfield>
   </datafield>
   <datafield tag="653" ind2=" " ind1=" ">
      <subfield code="a">Estudios culturales</subfield>
   </datafield>
   <datafield ind2="0" ind1="0" tag="245">
      <subfield code="a">Game rules vs. fandom. How Nintendo&amp;apos;s Animal Crossing fan-made content negotiates the videogame meanings</subfield>
   </datafield>
   <datafield ind2="0" ind1="0" tag="245">
      <subfield code="a">Las reglas del juego vs. el fandom. Cómo el contenido hecho por fans de Nintendo Animal Crossing negocia los significados del videojuego</subfield>
   </datafield>
</record></metadata></record></GetRecord></OAI-PMH>